Four Word Number 1 Singles - Statistics

General Stats
  • This quiz has been taken 20 times
  • The average score is 6 of 15
Answer Stats
Hint Answer % Correct
10cc - 1975 I'm Not In Love
88%
Kate Bush - 2022 Running Up That Hill
88%
Chaka Khan - 1984 I Feel For You
63%
UB40 & Chrissie Hynde - 1985 I Got You Babe
63%
Dana - 1970 All Kinds Of Everything
50%
The Beatles - 1964 Can't Buy Me Love
50%
Abba - 1977 Knowing Me Knowing You
50%
Kenny Rogers - 1980 Coward of The County
38%
Elvis Presley - 1965 Crying In The Chapel
38%
Phil Collins - 1982 You Can't Hurry Love
38%
Bay City Rollers - 1975 Give A Little Love
25%
Lad Baby - 2019 I Love Sausage Rolls
13%
Boyzone - 1998 All That I Need
0%
Slade - 1971 Coz I Love You
0%
Westlife - 2002 World Of Our Own
0%
No matching quizzes found
Score Distribution
Percent of People with Each Score
Percentile by Number Answered
Your Score History
You have not taken this quiz